Construction planning and plant, (Record no. 548709)
[ view plain ]
| 000 -LEADER | |
|---|---|
| fixed length control field | 00989cam a22001931 4500 |
| 082 ## - DEWEY DECIMAL CLASSIFICATION NUMBER | |
| Classification number | 690 |
| Author Mark | ACK |
| -- | L-14,P-27. |
| 100 1# - MAIN ENTRY--PERSONAL NAME | |
| Personal name | Ackerman, Adolph John. |
| 9 (RLIN) | 45113 |
| 245 10 - TITLE STATEMENT | |
| Title | Construction planning and plant, |
| Statement of responsibility, etc. | by Adolph J. Ackerman ... and Charles H. Locher. |
| 250 ## - EDITION STATEMENT | |
| Edition statement | 1st ed. |
| 260 ## - PUBLICATION, DISTRIBUTION, ETC. | |
| Place of publication, distribution, etc. | New York and London, |
| Name of publisher, distributor, etc. | McGraw-Hill Company, Inc., |
| Date of publication, distribution, etc. | 1940. |
| 300 ## - PHYSICAL DESCRIPTION | |
| Extent | xviii, 381 p. |
| Other physical details | incl. illus., tables, diagrs. |
| Dimensions | 24 cm. |
| 500 ## - GENERAL NOTE | |
| General note | "The contents of this book first appeared as a series of twenty-six articles in the McGraw-Hill publication Construction methods from November, 1935 to March, 1938. Much of the subject matter is the same as that originally published, but all of it has been brought up to date and some new sections and reference tables have been added."-Pref. |
| 526 ## - STUDY PROGRAM INFORMATION NOTE | |
| Program name | 0 |
| Interest level | 0 |
| Reading level | 0 |
| Title point value | 690_000000000000000_ACK |
| 650 #0 - SUBJECT ADDED ENTRY--TOPICAL TERM | |
| Topical term or geographic name entry element | Engineering. |
| 650 #0 - SUBJECT ADDED ENTRY--TOPICAL TERM | |
| Topical term or geographic name entry element | MCE |
| 9 (RLIN) | 379 |
| 650 #0 - SUBJECT ADDED ENTRY--TOPICAL TERM | |
| Topical term or geographic name entry element | Public works |
| Geographic subdivision | United States. |
| 9 (RLIN) | 45114 |
| 700 1# - ADDED ENTRY--PERSONAL NAME | |
| Personal name | Locher, Charles Hunter, |
| 9 (RLIN) | 45115 |
| 942 ## - ADDED ENTRY ELEMENTS (KOHA) | |
| Source of classification or shelving scheme | |
| Koha item type | Book |
| Withdrawn status | Lost status | Source of classification or shelving scheme | Damaged status | Not for loan | Permanent Location | Current Location | Date acquired | Total Checkouts | Full call number | Barcode | Date last seen | Price effective from | Koha item type |
|---|---|---|---|---|---|---|---|---|---|---|---|---|---|
| Military College of Engineering (MCE) | Military College of Engineering (MCE) | 09/04/2014 | 690 ACK | MCE-5592 | 09/04/2014 | 09/04/2014 | Book |
